000 00626nam a22001457a 4500
008 140819b xxu||||| |||| 00| 0 eng d
020 _a0406094187
050 _aKD276.3.L39(1892 vol.)
245 _aThe Law Reports(1892 vol.1) Chancery division: of the incorporated council of law reporting, supreme court of judicature cases determined in the chancery division and in lunacy and on appeal therefrom in the court of appeal. /
_cedited by Hemming, G.W.
260 _aLondon:
_bButterworth & Co Ltd,
_c1892.
300 _axii,658p.:
_c24cm.
440 _pChancery division.
_vvol.1.
800 _aG.W. Hemming.
942 _2lcc
_cBK
999 _c3506
_d11006